| 000 | 00656nam a2200217Ia 4500 | ||
|---|---|---|---|
| 005 | 20250508165148.0 | ||
| 008 | 008 250505s9999 xx 000 0 eng d | ||
| 037 | _aTextual | ||
| 040 |
_aFEDL _beng _cFEDL |
||
| 041 |
_aeng _2eng |
||
| 084 |
_a541.3, KHO _qFEDL |
||
| 100 |
_aKhosla B D and others _9780038 |
||
| 245 | 0 | _aSenior practical physical chemistry: A comprehensive course of experiments (For the post- graduate students) | |
| 250 | _a10 | ||
| 260 |
_aNew Delhi, India _bR. Chand and Co. _c2001 |
||
| 300 | _axvi, 406p. | ||
| 365 |
_aINR _b100 |
||
| 546 | _aRSPEE | ||
| 942 |
_cTEXL _h541.3, KHO |
||
| 999 |
_c1393519 _d1393519 |
||